| 000 | 06364cam a22012374i 4500 | ||
|---|---|---|---|
| 003 | PE-LiUPU | ||
| 005 | 20250813185606.0 | ||
| 008 | 150706s2008 mx a r 000 0 spa d | ||
| 020 | _a9789702610472 | ||
| 035 | _a(Sirsi) i9789702610472 | ||
| 040 |
_aPE-LiUPU _bspa _cPE-LiUPU _erda |
||
| 049 | _aPRUA | ||
| 082 | 0 | 4 |
_a305.242 _bJ39 _221 |
| 100 | 1 |
_aJensen Arnett, Jeffrey, _eautor. |
|
| 245 | 1 | 0 |
_aAdolescencia y adultez emergente : _bun enfoque cultural / _cJeffrey Jensen Arnett ; tr. María Elena Ortiz Salinas. |
| 250 | _aTercera edición. | ||
| 264 | 1 |
_aMéxico : _bPearson Educación, _c2008. |
|
| 300 |
_a558 páginas : _bilustraciones ; _c27 centímetros |
||
| 336 |
_atext _2rdacontent |
||
| 337 |
_aunmediated _2rdamedia |
||
| 338 |
_avolume _2rdacarrier |
||
| 504 | _aIncluye bibliografía. | ||
| 505 | 0 | _aBreve historia de la adolescencia en las culturas occidentales -- Adolescencia y adultez emergente -- La transición a la adultez -- El estudio científico de la adolescencia y la adultez emergente -- Temas de este libro -- Bases biológicas -- La revolución biológica de la pubertad -- Respuestas culturales, sociales y psicológicas ante la pubertad -- Desarrollo biológico y ambiente: la teoría de las interacciones genotipo - ambiente -- Bases cognoscitivas -- Teoría del desarrollo cognoscitivo de Piaget -- El desarrollo cognoscitivo, en la adultez emergente: pensamiento posformal -- El enfoque del procesamiento de información -- Cognición práctica: pensamiento crítico y toma de decisiones -- Cognición social -- El enfoque psicométrico: evaluación de la inteligencia -- El desarrollo del cerebro en la adolescencia -- Cultura y desarrollo cognoscitivo -- Ideas culturales -- ¡Qué son las ideas culturales? Ideas culturales y socialización -- Género -- Adolescentes y género en culturas tradicionales -- Adolescentes y género en la historia estadounidense -- Socialización y género en occidente -- Género y globalización -- El yo -- La cultura y el yo -- Conceptos personales -- Autoestima -- El yo emocional -- Identidad -- Identidad y globalización -- El yo a solas -- Relaciones familiares -- El adolescente en el sistema familiar -- Estilos de crianza -- Apego a los padres -- Conflicto entre padres y el adolescente -- Relaciones de los adultos emergentes con sus padres -- Cambios históricos y familia -- Efectos del divorcio, segundas nupcias, Padres solteros y familias de dos ingresos -- Maltrato físico y abuso sexual en la familia -- Los que se van pronto: fugitivos y "niños de la calle" -- Amigos y pares -- Pares y amigos -- Familia y amigos -- Cambios en las relaciones de amistad durante el desarrollo -- La elección de los amigos -- Influencia de los amigos y presión de los pares -- Amigos y actividades de tiempo libre en la adultez emergente -- Grupo de amigos y Grupos sociales -- Porpularidad e impopularidad -- Cultura Juvenil -- Citas, amor y sexualidad -- Citas -- Amor -- Sexualidad -- La escuela -- El aumento de la escolarización de los adolescentes -- ¿Qué funciona? Características de las buenas escuelas -- Compromiso y aprovechamiento en preparatoria: más allá del salón de clases -- Aprovechamiento académico en la preparatoria: diferencias individuales -- Educación en la adultez emergente: universidad -- Trabajo -- Trabajo adolescente en las culturas tradicionales -- Historia del trabajo adolescente en occidente -- El centro de trabajo y el adolescente -- Trabajo y desarrollo adolescente -- De la escuela y el trabajo de medio tiempo al "empleo real" -- Elección vocacional -- Trabajo en la adultez emergente -- Desempleo -- Trabajo voluntario y servicio comunitario -- Los medios de comunicación -- Los medios y el desarrollo de los jóvenes -- Teorías sobre la influencia de los medios -- Cinco usos -- Los medios y la socialización de los adolescentes -- Medios polémicos -- Nuevos medios -- Los medios y la globalización -- Problemas -- Dos tipos de problemas -- Problemas externalizados -- Problemas internalizados -- Adolescencia y adultez emergente en el siglo XXI -- África sunsahariana -- África del norte y medio oriente -- India -- Asia -- América Latina -- Occidente -- Temas comunes. | |
| 526 | _aP202 | ||
| 526 | _aP201 | ||
| 526 | _aP163 | ||
| 526 | _aP162 | ||
| 526 | _aP161 | ||
| 526 | _aP160 | ||
| 526 | _aP148 | ||
| 526 | _aP147 | ||
| 526 | _aP146 | ||
| 526 | _aP145 | ||
| 526 | _aP144 | ||
| 526 | _aP143 | ||
| 526 | _aP142 | ||
| 526 | _aP141 | ||
| 526 | _aP140 | ||
| 526 | _aP139 | ||
| 526 | _aP138 | ||
| 526 | _aP137 | ||
| 526 | _aP136 | ||
| 526 | _aP135 | ||
| 526 | _aP134 | ||
| 526 | _aP133 | ||
| 526 | _aP129 | ||
| 526 | _aP128 | ||
| 526 | _aP127 | ||
| 526 | _aP120 | ||
| 526 | _aP119 | ||
| 526 | _aP118 | ||
| 526 | _aP116 | ||
| 526 | _aP115 | ||
| 526 | _aP114 | ||
| 526 | _aP110 | ||
| 526 | _aP109 | ||
| 526 | _aP108 | ||
| 526 | _aP104 | ||
| 526 | _aP103 | ||
| 526 | _aP102 | ||
| 526 | _aP99 | ||
| 526 | _aP98 | ||
| 526 | _aP97 | ||
| 526 | _aP96 | ||
| 526 | _aP95 | ||
| 526 | _aP93 | ||
| 526 | _aP90 | ||
| 526 | _aP89 | ||
| 526 | _aP88 | ||
| 526 | _aP83 | ||
| 526 | _aP82 | ||
| 526 | _aP62 | ||
| 526 | _aP59 | ||
| 526 | _aP58 | ||
| 526 | _aP57 | ||
| 526 | _aP51 | ||
| 526 | _aP49 | ||
| 526 | _aP48 | ||
| 526 | _aP47 | ||
| 526 | _aP29 | ||
| 526 | _aP24 | ||
| 526 | _aP20 | ||
| 526 | _aP19 | ||
| 526 | _aP17 | ||
| 526 | _aP15 | ||
| 526 | _aP14 | ||
| 526 | _aP12 | ||
| 526 | _aP10 | ||
| 526 | _aP09 | ||
| 526 | _aP08 | ||
| 526 | _aP07 | ||
| 526 | _aP06 | ||
| 526 | _aP05 | ||
| 526 | _aP04 | ||
| 526 | _aP01 | ||
| 541 | _g001-003364; | ||
| 650 | 1 | 4 | _aAdolescentes. |
| 650 | 0 | 4 |
_aAdolescentes _xPsicología. |
| 700 |
_aOrtiz Salinas, María Elena, _etr. |
||
| 910 | _agl20110905 | ||
| 942 |
_2ddc _cBOOK |
||
| 949 |
_a305.242 J39 _wDEWEY _c1 _i63574 _lCCODEBUL1 _mBUL _p43.00 _r0 _sY _tBOOK _u2015-7-6 _xSALUD _PP33 _o.STAFF. Colección General |
||
| 994 |
_aC0 _bPEPRU |
||
| 596 | _a1 | ||
| 999 |
_a305.242 J39 _wDEWEY _c52482 _i63574 _d52482 _e2019-8-11 _f2021-11-4 _g5 _lCCODEBUL1 _mBUL _n16 _p43.00 _q5 _r0 _sY _tBOOK _u2015-7-6 _xBIBLIOTECA _PP33 _0COMPRA _o.STAFF. Colección Ciencias de la Salud |
||
| 980 |
_81 _gALBERTO SANCHEZ Responsable de Automatización |
||